000 01269nam a2200349I 4500
999 _c6626
_d6626
001 6626
003 MCM
005 20180210172858.0
008 890902s1989 fr ac bc 000 0 fre d
035 _aMITb10407410
035 _a(OCoLC)20297577
035 _aGLIS00407410
035 _a(OCoLC)21059420
040 _aJJE
_cJJE
_dPIT
_dMYG
041 _aeng
082 _a821.9108
_bHAP 1989
090 _aN6494.F55
_bD74 1989
099 _aN6494.F55.D74 1989
245 1 0 _aHappenings :
_bnew poems for junior schools /
_cEdited by Maurice Wollaman and David Grugeon
260 _aParis :
_bGalerie 1900-2000,
_c1989.
300 _a94 p. :
_bill. (some col.), ports. ;
_c18cm.
500 _a"Diagram of historical development of Fluxus and other 4 dimentional [sic], aural, optic, olfactory, epithelial and tactile art forms, (incomplete) by George Maciunas" -- Inside front cover.
504 _aBibliography: 210-211.
650 0 _aChildrens Poetry
_vExhibitions.
650 0 _aHappenings (Art)
_vExhibitions.
650 0 _aAvant-garde (Aesthetics)
_xHistory
_y20th century
_vExhibitions.
700 _aGrugeon, David
700 _a Wollman, Maurice
942 _2ddc
_cBK
949 _aMYGR
_b39080006942889